[Event "Hunan Belt and Road Open 2019"]
[Site "Hunan"]
[Date "2019.08.04"]
[Round "7.33"]
[White "Gan-Erdene, Sugar"]
[Black "Li, Yankai"]
[Result "1-0"]
[WhiteElo "2408"]
[BlackElo "2439"]
[Annotator "NA"]
[PlyCount "115"]
[EventDate "2019.07.29"]
[EventType "swiss"]
[EventCountry "CHN"]
[SourceTitle "playchess.com"]
[Source "ChessBase"]
[SourceQuality "1"]
[TimeControl "5400+30"]

1. e4 {[%emt 0:00:00]} c5 {[%emt 0:03:31]} 2. Nf3 {[%emt 0:00:00]} d6 {[%emt 0:00:03]} 3. d4 {[%emt 0:00:00]} cxd4 {[%emt 0:00:03]} 4. Nxd4 {[%emt 0:00:00]} Nf6 {[%emt 0:00:03]} 5. Nc3 {[%emt 0:00:00]} a6 {[%emt 0:00:02]} 6. Be3 {[%emt 0:00:14]} e5 {[%emt 0:00:05]} 7. Nb3 {[%emt 0:00:04]} Be6 {[%emt 0:00:05]} 8. h3 {[%emt 0:00:39]} Be7 {[%emt 0:01:03]} 9. Qf3 {[%emt 0:00:23]} Nbd7 {[%emt 0:04:09]} 10. g4 {[%emt 0:00:34]} h6 {[%emt 0:00:25]} 11. O-O-O {[%emt 0:00:35]} Rc8 {[%emt 0:03:15]} 12. Nd5 {[%emt 0:01:43]} Bxd5 {[%emt 0:03:58]} 13. exd5 {[%emt 0:00:05]} Qc7 {[%emt 0:00:18]} 14. Bd3 {[%emt 0:00:35]} g6 {[%emt 0:08:55]} 15. Kb1 {[%emt 0:02:10]} Nb6 {[%emt 0:02:51]} 16. Bxb6 {[%emt 0:08:16]} Qxb6 {[%emt 0:00:03]} 17. Nd2 {[%emt 0:04:10]} Qa5 {[%emt 0:14:43]} 18. c4 {[%emt 0:16:26]} O-O {[%emt 0:21:40]} 19. h4 {[%emt 0:03:55]} b5 {[%emt 0:02:58]} 20. c5 {[%emt 0:10:45]} Rxc5 {[%emt 0:03:42]} 21. Nb3 {[%emt 0:05:21]} Qb4 {[%emt 0:00:07]} 22. Nxc5 {[%emt 0:00:34]} Qxc5 {[%emt 0:01:28]} 23. h5 {[%emt 0:12:30]} g5 {[%emt 0:15:34]} 24. Bf5 {[%emt 0:03:04]} Re8 {[%emt 0:00:16]} 25. Rd2 {[%emt 0:00:59]} Qb4 {[%emt 0:01:44]} 26. Rc2 {[%emt 0:02:35]} e4 {[%emt 0:02:02]} 27. Qd1 {[%emt 0:00:58]} Bf8 {[%emt 0:00:58]} 28. Qd2 {[%emt 0:01:49]} Qa4 {[%emt 0:00:07]} 29. Rhc1 {[%emt 0:05:27]} Re5 {[%emt 0:00:08]} 30. Rc8 {[%emt 0:00:59]} Kg7 {[%emt 0:01:24]} 31. Ra8 {[%emt 0:01:01]} Rxd5 {[%emt 0:04:29]} 32. Qc3 {[%emt 0:04:10]} Rc5 {[%emt 0:01:24]} 33. Qe3 {[%emt 0:00:12]} Rxc1+ {[%emt 0:00:34]} 34. Qxc1 {[%emt 0:00:07]} d5 {[%emt 0:00:24]} 35. a3 {[%emt 0:01:19]} b4 {[%emt 0:02:05]} 36. axb4 {[%emt 0:09:47]} Qxb4 {[%emt 0:01:20]} 37. Qc3 {[%emt 0:00:37]} d4 {[%emt 0:01:16]} 38. Qxb4 {[%emt 0:01:13]} Bxb4 {[%emt 0:00:03]} 39. Rxa6 {[%emt 0:02:24]} e3 {[%emt 0:01:24]} 40. fxe3 {[%emt 0:00:31]} dxe3 {[%emt 0:00:01]} 41. Bd3 {[%emt 0:00:26]} Nxg4 {[%emt 0:00:06]} 42. Ra4 {[%emt 0:00:25]} Ne5 {[%emt 0:00:18]} 43. Rxb4 {[%emt 0:00:55]} Nxd3 {[%emt 0:00:03]} 44. Re4 {[%emt 0:00:10]} Nf4 {[%emt 0:01:49]} 45. Rxe3 {[%emt 0:00:20]} Nxh5 {[%emt 0:00:01]} 46. b4 {[%emt 0:00:30]} Nf4 {[%emt 0:00:34]} 47. b5 {[%emt 0:00:48]} Nd5 {[%emt 0:00:54]} 48. Rd3 {[%emt 0:01:04]} Nb6 {[%emt 0:00:04]} 49. Kc2 {[%emt 0:00:44]} g4 {[%emt 0:00:42]} 50. Kd2 {[%emt 0:00:41]} Nc4+ {[%emt 0:00:58]} 51. Ke2 {[%emt 0:00:08]} h5 {[%emt 0:00:19]} 52. Rd5 {[%emt 0:00:49]} Kg6 {[%emt 0:00:45]} 53. Rc5 {[%emt 0:00:07]} Na5 {[%emt 0:00:10]} 54. b6 {[%emt 0:00:08]} Nb7 {[%emt 0:00:01]} 55. Rc7 {[%emt 0:00:31]} Na5 {[%emt 0:00:01]} 56. Ra7 {[%emt 0:00:16]} Nc6 {[%emt 0:00:03]} 57. b7 {[%emt 0:00:32]} Kg5 {[%emt 0:00:12]} 58. Ra6 {[%emt 0:00:13]} 1-0

[Event "Hunan Belt and Road Open 2019"]
[Site "Hunan"]
[Date "2019.08.04"]
[Round "7.34"]
[White "Lin, Weiguo"]
[Black "Munkhgal, Gombosuren"]
[Result "0-1"]
[WhiteElo "2408"]
[BlackElo "2442"]
[Annotator "NA"]
[PlyCount "74"]
[EventDate "2019.07.29"]
[EventType "swiss"]
[EventCountry "CHN"]
[SourceTitle "playchess.com"]
[Source "ChessBase"]
[SourceQuality "1"]
[TimeControl "5400+30"]

1. d4 {[%emt 0:00:00]} e6 {[%emt 0:00:00]} 2. c4 {[%emt 0:00:00]} Nf6 {[%emt 0:00:00]} 3. Nf3 {[%emt 0:00:19]} d5 {[%emt 0:00:00]} 4. e3 {[%emt 0:00:40]} a6 {[%emt 0:00:00]} 5. Nc3 {[%emt 0:00:40]} Be7 {[%emt 0:02:36]} 6. b3 {[%emt 0:02:45]} b6 {[%emt 0:03:27]} 7. Bd3 {[%emt 0:01:21]} Bb7 {[%emt 0:00:06]} 8. O-O {[%emt 0:00:07]} O-O {[%emt 0:00:16]} 9. Bb2 {[%emt 0:00:31]} Nbd7 {[%emt 0:02:24]} 10. Qe2 {[%emt 0:00:15]} Ne4 {[%emt 0:05:48]} 11. Bxe4 {[%emt 0:06:03]} dxe4 {[%emt 0:00:04]} 12. Nd2 {[%emt 0:00:10]} f5 {[%emt 0:00:21]} 13. f3 {[%emt 0:00:23]} exf3 {[%emt 0:03:29]} 14. Nxf3 {[%emt 0:00:02]} Nf6 {[%emt 0:02:01]} 15. Rad1 {[%emt 0:02:06]} Qe8 {[%emt 0:01:28]} 16. d5 {[%emt 0:13:56]} Bc5 {[%emt 0:16:03]} 17. dxe6 {[%emt 0:09:01]} Ng4 {[%emt 0:19:40]} 18. Nd4 {[%emt 0:03:26]} Qg6 {[%emt 0:01:23]} 19. g3 {[%emt 0:15:00]} Rae8 {[%emt 0:16:58]} 20. Nd5 {[%emt 0:01:32]} Bd6 {[%emt 0:06:22]} 21. b4 {[%emt 0:22:06]} c5 {[%emt 0:02:59]} 22. bxc5 {[%emt 0:00:27]} bxc5 {[%emt 0:00:08]} 23. Ba3 {[%emt 0:03:46]} Bc8 {[%emt 0:07:49]} 24. e7 {[%emt 0:07:37]} Bxe7 {[%emt 0:00:36]} 25. Nb3 {[%emt 0:00:01]} Bg5 {[%emt 0:01:25]} 26. Bxc5 {[%emt 0:00:09]} Rf7 {[%emt 0:01:38]} 27. Nf4 {[%emt 0:02:32]} Bxf4 {[%emt 0:00:48]} 28. Rxf4 {[%emt 0:00:01]} Bb7 {[%emt 0:00:41]} 29. Rd6 {[%emt 0:00:05]} Qh5 {[%emt 0:00:54]} 30. Nd4 {[%emt 0:01:02]} Be4 {[%emt 0:00:42]} 31. Rxa6 {[%emt 0:02:18]} h6 {[%emt 0:00:23]} 32. Rb6 {[%emt 0:00:24]} Bd3 {[%emt 0:00:27]} 33. Qd2 {[%emt 0:00:27]} Rxe3 {[%emt 0:04:38]} 34. Nf3 {[%emt 0:01:51]} Qh3 {[%emt 0:00:08]} 35. Qg2 {[%emt 0:03:50]} Qxg2+ {[%emt 0:00:12]} 36. Kxg2 {[%emt 0:00:01]} Re2+ {[%emt 0:00:07]} 37. Kg1 {[%emt 0:00:18]} Be4 {[%emt 0:01:14]} 0-1

[Event "Hunan Belt and Road Open 2019"]
[Site "Hunan"]
[Date "2019.08.04"]
[Round "7.35"]
[White "Setyaki, Azarya Jodi"]
[Black "Raja Harshit"]
[Result "0-1"]
[WhiteElo "2409"]
[BlackElo "2434"]
[Annotator "NA"]
[PlyCount "54"]
[EventDate "2019.07.29"]
[EventType "swiss"]
[EventCountry "CHN"]
[SourceTitle "playchess.com"]
[Source "ChessBase"]
[SourceQuality "1"]
[TimeControl "5400+30"]

1. e4 {[%emt 0:02:27]} c5 {[%emt 0:00:00]} 2. Nf3 {[%emt 0:00:06]} d6 {[%emt 0:00:00]} 3. d4 {[%emt 0:00:06]} cxd4 {[%emt 0:00:00]} 4. Nxd4 {[%emt 0:00:04]} Nf6 {[%emt 0:00:07]} 5. Nc3 {[%emt 0:00:04]} a6 {[%emt 0:00:09]} 6. f3 {[%emt 0:00:11]} e5 {[%emt 0:00:13]} 7. Nb3 {[%emt 0:00:05]} Be6 {[%emt 0:00:06]} 8. Be3 {[%emt 0:00:05]} Nbd7 {[%emt 0:00:06]} 9. Qd2 {[%emt 0:00:05]} h5 {[%emt 0:00:17]} 10. Be2 {[%emt 0:02:02]} Rc8 {[%emt 0:02:58]} 11. Nd5 {[%emt 0:01:57]} Nxd5 {[%emt 0:00:16]} 12. exd5 {[%emt 0:00:06]} Bf5 {[%emt 0:00:04]} 13. c4 {[%emt 0:01:24]} Qh4+ {[%emt 0:00:09]} 14. Bf2 {[%emt 0:02:18]} Qf6 {[%emt 0:01:11]} 15. O-O {[%emt 0:05:53]} Be7 {[%emt 0:00:35]} 16. Na5 {[%emt 0:03:10]} Qg6 {[%emt 0:01:17]} 17. Kh1 {[%emt 0:02:02]} Rc7 {[%emt 0:07:38]} 18. b4 {[%emt 0:04:51]} h4 {[%emt 0:03:39]} 19. Rfd1 {[%emt 0:10:09]} Nf6 {[%emt 0:09:12]} 20. c5 {[%emt 0:03:38]} h3 {[%emt 0:20:17]} 21. g3 {[%emt 0:05:29]} Be4 {[%emt 0:15:34]} 22. Nc4 {[%emt 0:07:26]} Qf5 {[%emt 0:06:01]} 23. Qc3 {[%emt 0:10:16]} Bxd5 {[%emt 0:01:56]} 24. cxd6 {[%emt 0:12:22]} Rxc4 {[%emt 0:02:42]} 25. Bxc4 {[%emt 0:00:20]} Bxf3+ {[%emt 0:01:27]} 26. Kg1 {[%emt 0:00:05]} Bxd1 {[%emt 0:01:37]} 27. Bd3 {[%emt 0:00:14]} Qf3 {[%emt 0:05:04]} 0-1

[Event "Hunan Belt and Road Open 2019"]
[Site "Hunan"]
[Date "2019.08.04"]
[Round "7.36"]
[White "Li, Shilong"]
[Black "Xie, Jianjun"]
[Result "0-1"]
[WhiteElo "2457"]
[BlackElo "2417"]
[Annotator "ChessBase"]
[PlyCount "104"]
[EventDate "2019.07.29"]
[EventType "swiss"]
[EventCountry "CHN"]
[SourceTitle "playchess.com"]
[Source "ChessBase"]
[SourceQuality "1"]
[TimeControl "5400+30"]

1. e4 {[%emt 0:00:00]} d6 {[%emt 0:00:00]} 2. d4 {[%emt 0:00:00]} Nf6 {[%emt 0:00:00]} 3. Nc3 {[%emt 0:00:00]} c6 {[%emt 0:00:00]} 4. f4 {[%emt 0:00:27]} Qa5 {[%emt 0:00:00]} 5. Bd3 {[%emt 0:00:18]} e5 {[%emt 0:02:43]} 6. Nf3 {[%emt 0:00:11]} Bg4 {[%emt 0:00:17]} 7. Be3 {[%emt 0:00:40]} Qb6 {[%emt 0:00:15]} 8. fxe5 {[%emt 0:03:24]} dxe5 {[%emt 0:00:16]} 9. Qd2 {[%emt 0:00:12]} Nfd7 {[%emt 0:06:35]} 10. O-O-O {[%emt 1:00:32]} Bxf3 {[%emt 0:12:17]} 11. dxe5 {[%emt 0:00:25]} Bc5 {[%emt 0:05:24]} 12. Bxc5 {[%emt 0:00:05]} Qxc5 {[%emt 0:00:06]} 13. gxf3 {[%emt 0:00:03]} Nxe5 {[%emt 0:00:05]} 14. Be2 {[%emt 0:04:58]} Qe7 {[%emt 0:08:53]} 15. f4 {[%emt 0:03:43]} Ng6 {[%emt 0:01:38]} 16. e5 {[%emt 0:07:37]} Nd7 {[%emt 0:02:06]} 17. Ne4 {[%emt 0:00:57]} O-O-O {[%emt 0:00:49]} 18. Bg4 {[%emt 0:04:59]} Kc7 {[%emt 0:01:19]} 19. Nd6 {[%emt 0:10:25]} Nb6 {[%emt 0:20:43]} 20. Qa5 {[%emt 0:00:22]} Kb8 {[%emt 0:00:31]} 21. Nf5 {[%emt 0:00:37]} Qc7 {[%emt 0:01:58]} 22. Rhf1 {[%emt 0:00:20]} Nd5 {[%emt 0:03:14]} 23. Qxc7+ {[%emt 0:00:25]} Kxc7 {[%emt 0:00:06]} 24. e6 {[%emt 0:00:44]} h5 {[%emt 0:03:50]} 25. Bf3 {[%emt 0:00:32]} fxe6 {[%emt 0:00:35]} 26. Nxg7 {[%emt 0:00:32]} Ndxf4 {[%emt 0:00:08]} 27. Rde1 {[%emt 0:00:24]} e5 {[%emt 0:01:22]} 28. Rg1 {[%emt 0:00:35]} Rdg8 {[%emt 0:04:29]} 29. Nf5 {[%emt 0:00:01]} Rf8 {[%emt 0:00:27]} 30. Be4 {[%emt 0:00:25]} Rf6 {[%emt 0:00:09]} 31. b3 {[%emt 0:01:04]} Rhf8 {[%emt 0:02:23]} 32. Ng7 {[%emt 0:00:21]} Rg8 {[%emt 0:04:02]} 33. Nf5 {[%emt 0:00:02]} Ne7 {[%emt 0:03:46]} 34. Rxg8 {[%emt 0:00:50]} Nxg8 {[%emt 0:00:01]} 35. Ne3 {[%emt 0:00:37]} b5 {[%emt 0:01:41]} 36. a4 {[%emt 0:00:37]} a6 {[%emt 0:01:46]} 37. axb5 {[%emt 0:00:22]} axb5 {[%emt 0:00:01]} 38. Kb2 {[%emt 0:00:06]} Rd6 {[%emt 0:00:55]} 39. Nf5 {[%emt 0:01:05]} Rd2 {[%emt 0:00:20]} 40. h4 {[%emt 0:00:30]} Nf6 {[%emt 0:00:13]} 41. Bh1 {[%emt 0:00:31]} Rf2 {[%emt 0:02:14]} 42. Kb1 {[%emt 0:00:25]} Ne2 {[%emt 0:02:02]} 43. Ne3 {[%emt 0:00:32]} e4 {[%emt 0:01:14]} 44. Kb2 {[%emt 0:00:31]} Kd6 {[%emt 0:01:06]} 45. Nd1 {[%emt 0:00:28]} Rh2 {[%emt 0:00:15]} 46. Nc3 {[%emt 0:00:31]} Nxc3 47. Kxc3 {[%emt 0:00:01]} Ke5 {[%emt 0:00:37]} 48. Rg1 {[%emt 0:00:57]} Nd5+ {[%emt 0:00:46]} 49. Kb2 {[%emt 0:00:07]} Ne3 {[%emt 0:00:08]} 50. Rg5+ {[%emt 0:00:53]} Kf4 {[%emt 0:00:11]} 51. Bxe4 {[%emt 0:00:13]} Kxe4 {[%emt 0:00:03]} 52. Rc5 {[%emt 0:00:06]} Rxc2+ {[%emt 0:00:13]} 0-1

[Event "Hunan Belt and Road Open 2019"]
[Site "Hunan"]
[Date "2019.08.05"]
[Round "8.1"]
[White "Wang, Hao"]
[Black "Ganguly, Surya Shekhar"]
[Result "0-1"]
[WhiteElo "2725"]
[BlackElo "2638"]
[Annotator "TA"]
[PlyCount "76"]
[EventDate "2019.07.29"]
[EventType "swiss"]
[EventCountry "CHN"]
[SourceTitle "playchess.com"]
[Source "ChessBase"]
[SourceQuality "1"]

{[%evp 24,76,0,0,0,-4,-14,-9,-6,-12,-10,-12,-9,-6,0,0,0,0,0,0,0,0,8,8,11,10,14,8,20,21,19,12,15,7,28,39,47,43,49,38,42,38,38,29,23,22,2,0,0,0,0,-254,-254,-358,-366]} 1. c4 Nf6 2. Nc3 e6 3. d4 Bb4 4. e3 O-O 5. Bd3 d5 6. Nf3 dxc4 7. Bxc4 c5 8. O-O cxd4 9. exd4 b6 10. Bg5 Bb7 11. Rc1 Nc6 12. a3 Be7 13. Qd3 h6 {E54: Nimzo-Indian: Rubinstein: Main Line: 7...dxc4 8 Bxc4} 14. Bh4 (14. Be3 Bd6 15. Ba6 Bxa6 16. Qxa6 Ne7 17. Rc2 Qc8 18. Qxc8 Raxc8 19. Rfc1 Bb8 20. h3 Rfd8 21. Kf1 {½-½ (87) Onischuk,A (2664)-Nakamura,H (2787) Saint Louis 2016}) 14... Nh5 15. Bg3 Nxg3 {The position is equal.} 16. hxg3 Bf6 {[%cal Rc6d4]} 17. Rfd1 Ne7 18. Ne4 Nd5 {[#]} 19. Ba6 $146 ({Predecessor:} 19. Ne5) 19... Qe7 20. Ne5 Rfd8 21. Qe2 Bxa6 22. Qxa6 {With the idea Nc6.} Bxe5 (22... Qe8 {feels hotter.} 23. Nc6 Rd7 24. Ne5 Rdd8) 23. dxe5 Rd7 24. Rd2 Rad8 25. Qe2 Rc7 26. Rcd1 Rdc8 27. Nd6 {[%cal Be4d6,Bd6b5,Bb5d4,Bd4e6][%mdl 32]} Rf8 28. Rd4 f6 29. Nb5 Rd7 30. exf6 Qxf6 31. Re4 a6 32. Nd4 Nc7 33. Rd3 {Strongly threatening Rf3.} Rfd8 {[%cal Rd7d4]} 34. Rf3 Qg5 $1 $36 {[%mdl 2048] White is under pressure.} 35. Rff4 Nd5 36. Nxe6 Nxf4 37. Rxf4 $4 {[%mdl 8192] [#]} (37. Nxf4 $11 {and White stays safe.} Qf5 38. Kh2) 37... Re7 $1 $19 {aiming for ...Qg6.} 38. Re4 (38. Qc4 $142 b5 39. Qc6 Rd1+ 40. Kh2 Qh5+ 41. Rh4) 38... Qd5 {Accuracy: White = 79%, Black = 85%.} 0-1

[Event "Hunan Belt and Road Open 2019"]
[Site "Hunan"]
[Date "2019.08.05"]
[Round "8.2"]
[White "Vallejo Pons, Francisco"]
[Black "Yu, Yangyi"]
[Result "1/2-1/2"]
[WhiteElo "2687"]
[BlackElo "2736"]
[Annotator "TA"]
[PlyCount "54"]
[EventDate "2019.07.29"]
[EventType "swiss"]
[EventCountry "CHN"]
[SourceTitle "playchess.com"]
[Source "ChessBase"]
[SourceQuality "1"]

{[%evp 16,54,35,33,19,34,35,43,28,27,33,34,41,41,39,32,27,35,38,30,29,8,70,75,75,75,64,8,8,7,7,0,19,11,12,3,4,5,7,9,12]} 1. e4 c5 2. Nf3 e6 3. Nc3 d6 4. d4 cxd4 5. Nxd4 Nf6 6. g4 h6 7. Rg1 ({Predecessor:} 7. h4 Nc6 {½-½ (54) Naiditsch,Y (2375)-Vega Gutierrez,S (2404) Batumi 2018}) 7... Nc6 8. h4 d5 9. exd5 Nxd5 {B81: Sicilian Scheveningen: Keres Attack} 10. Nxd5 exd5 11. Be3 Qxh4 {White is slightly better.} 12. Qf3 Nxd4 13. Bxd4 Qe7+ 14. Be2 Qe4 15. O-O-O $146 {[#] Hoping for Bb5+.} (15. Qc3 Be6 16. f3 Qf4 17. Bb5+ {0-1 (59) Nepomniachtchi,I (2763)-Duda,J (2738) St Petersburg 2018}) 15... Qxf3 $1 16. Bxf3 Be6 17. Rge1 Kd7 18. Be5 Rd8 ({Black should play} 18... f6 $11 19. Bg3 Bc5) 19. Bxd5 $14 Bxd5 20. Rxd5+ Kc8 21. Rxd8+ (21. Rd4 $1 $14 b5 22. a4) 21... Kxd8 {[%mdl 4096] Endgame KRB-KRB. The position is equal.} 22. Bd4 a6 23. Kd2 f6 24. c3 Kd7 25. a4 h5 26. gxh5 Rxh5 27. b4 Rh3 {Accuracy: White = 56%, Black = 68%.} 1/2-1/2

[Event "Hunan Belt and Road Open 2019"]
[Site "Hunan"]
[Date "2019.08.05"]
[Round "8.3"]
[White "Amin, Bassem"]
[Black "Cheparinov, Ivan"]
[Result "1-0"]
[WhiteElo "2707"]
[BlackElo "2666"]
[Annotator "TA"]
[PlyCount "55"]
[EventDate "2019.07.29"]
[EventType "swiss"]
[EventCountry "CHN"]
[SourceTitle "playchess.com"]
[Source "ChessBase"]
[SourceQuality "1"]

{[%evp 10,55,45,35,30,18,32,34,31,26,57,0,0,4,4,2,18,-56,-54,-47,27,0,67,77,100,94,179,178,184,114,443,436,539,533,506,524,622,627,626,467,452,440,695,690,597,680,623,616]} 1. e4 e5 2. Nf3 Nc6 3. Bc4 Nf6 4. d3 h6 5. O-O d6 6. c3 g5 {C55: Two Knights: 4 d3, 4 d4 exd4 5 e5 and Max Lange Attack} 7. Bb3 Bg7 8. Nbd2 a6 {White is slightly better.} (8... Nh5 9. Nc4 Nf4 10. Ne3 Be6 11. d4 exd4 12. Nf5 Bxf5 13. exf5 dxc3 14. bxc3 {½-½ (41) Svidler,P (2735)-Vallejo Pons,F (2693) Karlsruhe/Baden Baden 2019}) 9. Nc4 Be6 10. Re1 ({White should try} 10. d4 $14) 10... g4 $146 ({Predecessor:} 10... O-O 11. h3 Qd7 12. Nh2 d5 13. Nd2 Rad8 14. Qf3 {1-0 (60) Thybo,J (2519)-Dhulipalla,B (2328) Stockholm 2018}) 11. Nfd2 Qd7 12. a4 h5 13. a5 ({White should play} 13. Ne3 $11) 13... h4 $1 $15 14. Nf1 O-O-O (14... h3 $15) 15. Ba4 $11 g3 (15... h3 $11) 16. fxg3 $14 h3 17. gxh3 Rxh3 {[#]} (17... Bxh3 $16 {is a better defense.} 18. Bg5 Rdg8) 18. b4 $1 $18 Qe7 {[#]} 19. Nce3 (19. b5 $1 $18 {[%cal Rb5c6]} Nb8 20. Qb3) 19... d5 $2 {[%mdl 8192]} (19... Rdh8 $16 {is more resistant.}) 20. Ba3 {White is clearly winning.} Qe8 21. b5 axb5 22. Bxb5 dxe4 23. a6 {[%cal Ba5a6,Ba6a7][%mdl 32]} b6 24. Qa4 Bd7 {[#]} 25. Nf5 $1 {[%mdl 512]} Bxf5 (25... Na7 $142) 26. a7 ({Less strong is} 26. Bxc6 Bd7 $18) 26... Kb7 {[#] Threatens to win with ...Bd7.} 27. Be7 $1 {[%mdl 576] Pin} Bd7 (27... Nxe7 28. Bxe8) 28. Bxd8 {Accuracy: White = 72%, Black = 41%.} 1-0

[Event "Hunan Belt and Road Open 2019"]
[Site "Hunan"]
[Date "2019.08.05"]
[Round "8.4"]
[White "Nguyen, Ngoc Truong Son"]
[Black "Wei, Yi"]
[Result "1/2-1/2"]
[WhiteElo "2636"]
[BlackElo "2737"]
[Annotator "TA"]
[PlyCount "40"]
[EventDate "2019.07.29"]
[EventType "swiss"]
[EventCountry "CHN"]
[SourceTitle "playchess.com"]
[Source "ChessBase"]
[SourceQuality "1"]

{[%evp 20,40,29,0,12,0,0,0,6,18,19,0,0,0,0,0,0,0,62,62,44,0,-4]} 1. d4 Nf6 2. c4 g6 3. Nc3 d5 4. cxd5 Nxd5 5. e4 Nxc3 6. bxc3 Bg7 7. Nf3 c5 8. Be3 Nc6 9. Rc1 cxd4 10. cxd4 {[%cal Bc3d4,Bd4d5][%mdl 32]} O-O 11. Qd2 (11. d5 $5 {[%cal Rd5c6]} Ne5 12. Nxe5 Bxe5 13. Bc4 $14) 11... Bg4 {White should prevent ...Bxf3. D85: Exchange Grünfeld: Unusual White 7th moves and lines with 7 Nf3} 12. d5 Bxf3 $1 13. gxf3 Ne5 14. Be2 Qd7 15. h3 {[#] And now f4 would win.} (15. Bh6 Qh3 16. Bxg7 Nxf3+ 17. Bxf3 Qxf3 {0-1 (37) Komljenovic,D (2408)-Ni,H (2661) Benasque 2013}) 15... Rac8 16. Kf1 Rxc1+ 17. Qxc1 Rc8 18. Qb1 $146 ({Predecessor:} 18. Qd2 Qa4 19. Bd1 {½-½ (44) Menendez Feria,V (2080)-Cancio Bello Ayes,F (2102) Havana 2010}) 18... Nc4 (18... a6 $11) 19. Bxc4 $1 $14 Rxc4 20. Kg2 b6 1/2-1/2

[Event "Hunan Belt and Road Open 2019"]
[Site "Hunan"]
[Date "2019.08.05"]
[Round "8.5"]
[White "Parligras, Mircea-Emilian"]
[Black "Matlakov, Maxim"]
[Result "1/2-1/2"]
[WhiteElo "2638"]
[BlackElo "2701"]
[Annotator "TA"]
[PlyCount "42"]
[EventDate "2019.07.29"]
[EventType "swiss"]
[EventCountry "CHN"]
[SourceTitle "playchess.com"]
[Source "ChessBase"]
[SourceQuality "1"]

{[%evp 17,42,37,33,19,25,35,28,23,19,11,16,14,9,7,19,4,11,11,11,0,12,0,0,0,8,0,0]} 1. d4 Nf6 2. c4 e6 3. Nc3 Bb4 4. Qc2 d5 5. a3 Bxc3+ 6. Qxc3 Ne4 7. Qc2 c5 8. dxc5 Nc6 9. Nf3 Qa5+ 10. Bd2 {E37: Nimzo-Indian: Classical: 4...d5 5 a3 Bxc3+ 6 Qxc3 Ne4} (10. Nd2 Nxd2 11. Bxd2 Qxc5 12. e3 dxc4 13. Bxc4 Ne5 14. Bb3 Bd7 15. O-O Qxc2 16. Bxc2 Bc6 17. Rfd1 O-O 18. Bc3 {½-½ (123) Mamedyarov,S (2808)-Karjakin,S (2782) Leuven 2018}) 10... Qxc5 11. e3 Nxd2 12. Nxd2 {White has an edge.} O-O 13. b4 {The position is equal.} Qe7 14. Bd3 h6 15. O-O {[#]} Rd8 $146 ({Predecessor:} 15... Ne5 16. Be2 Nxc4 17. Nxc4 dxc4 18. Qxc4 {½-½ (31) Sokolov,I (2625)-Lobron,E (2580) Amsterdam 1994}) 16. Nf3 dxc4 17. Qxc4 a6 18. Rfd1 Bd7 19. Rac1 Rac8 20. Qb3 Be8 21. h3 Rd6 {Accuracy: White = 37%, Black = 74%.} 1/2-1/2

[Event "Hunan Belt and Road Open 2019"]
[Site "Hunan"]
[Date "2019.08.05"]
[Round "8.6"]
[White "Anton Guijarro, David"]
[Black "Sethuraman, S.P."]
[Result "1-0"]
[WhiteElo "2678"]
[BlackElo "2630"]
[Annotator "TA"]
[PlyCount "63"]
[EventDate "2019.07.29"]
[EventType "swiss"]
[EventCountry "CHN"]
[SourceTitle "playchess.com"]
[Source "ChessBase"]
[SourceQuality "1"]

{[%evp 14,63,1,7,0,10,0,0,2,6,29,16,22,13,16,0,29,10,60,22,38,38,30,34,43,20,29,31,60,48,70,60,141,99,208,222,188,185,225,220,253,233,255,254,240,237,245,241,476,481,827,808]} 1. c4 Nf6 2. Nf3 c5 3. Nc3 Nc6 4. e3 e6 5. d4 d5 6. cxd5 exd5 7. Bb5 cxd4 8. exd4 Bd6 {B14: Caro-Kann: Panov-Botvinnik Attack with 5...e6 and 5...g6} 9. O-O (9. Bg5 Be6 10. O-O O-O 11. Re1 Rc8 12. Ne5 h6 13. Bh4 g5 14. Bg3 Ne7 15. Nd7 Bxd7 16. Bxd6 Re8 17. Qf3 Nf5 18. Be5 Ne4 19. Bxd7 Qxd7 20. Nxd5 {1-0 (20) Mamedyarov,S (2801)-Anand,V (2768) Saint Louis 2018}) 9... O-O 10. Bg5 Bg4 {The position is equal.} 11. Be2 Be6 12. Re1 h6 13. Bh4 $1 g5 14. Bg3 Bxg3 $146 ({Predecessor:} 14... Ne4 15. Nxe4 dxe4 16. Ne5 Nxe5 17. dxe5 Bb4 18. Rf1 Qxd1 19. Rfxd1 Rfd8 20. a3 {0-1 (40) Colon Romero,M-Parma,B San Juan 1969}) 15. hxg3 Ne4 16. Bb5 Nxc3 17. bxc3 Rc8 18. Qd2 Bf5 19. Re3 a6 20. Bd3 Qd7 21. Bxf5 Qxf5 22. Rae1 f6 ({Better is} 22... Rfd8 $14) 23. Nh2 Kg7 (23... Rcd8 $16 {was worth a try.}) 24. g4 $18 Qd7 {[#]} 25. Qe2 $1 f5 26. Re6 f4 27. Nf3 Rf6 28. Rxf6 Kxf6 29. c4 {[%cal Bc3c4,Bc4d5][%mdl 32]} Kg7 30. Qb2 {[#] Threatens to win with cxd5.} Rc7 $2 (30... b5) 31. Qb6 Qd6 (31... dxc4 $142 32. d5 Kg8) 32. cxd5 {Accuracy: White = 84%, Black = 32%.} 1-0